000 00601nam a2200109Ia 4500
008 171212s9999 xx 000 0 und d
245 _ceditor Seltzer, Robert;Cohen, Norman S.
_aThe Americanization of the Jews
260 _bNew York University Press
_c1995
650 _aJews -- United States -- Identity -- Congresses; Jews -- Cultural assimilation -- United States -- Congresses; Jews -- United States -- Politics and government -- Congresses; Judaism -- United States -- Congresses; United States -- Ethnic relations -- Con
650 _aSociology
856 _uhttp://www.jstor.org/stable/j.ctt9qfzxz
999 _c351556
_d351556